| 000 | 00565cam a22001814a 4500 | ||
|---|---|---|---|
| 005 | 20250901165427.0 | ||
| 008 | 010516s2001 cau b 000 0 eng | ||
| 010 | _a 2001035873 | ||
| 020 | _a1576751538 (pbk. : alk. paper) | ||
| 050 | 0 | 0 |
_aHD50.5 .B55 2001 _b.B55 2001 |
| 082 | 0 | 0 |
_a658.4/02 _221 |
| 100 | 1 | _aBlanchard, Kenneth H. | |
| 245 | 1 | 0 |
_aEmpowerment takes more than a minute / _cKen Blanchard, John P. Carlos, Alan Randolph. |
| 250 | _a2nd ed. | ||
| 260 |
_aSan Francisco : _bBerrett-Koehler, _cc2001. |
||
| 300 |
_axvii, 135 p. ; _c22 cm. |
||
| 942 | _2ddc | ||
| 999 |
_c3790 _d3790 |
||